東京駅から始発で最も早く到着する都道府県庁ランキング - Statistics

General Stats
  • This quiz has been taken 169 times
  • The average score is 15 of 47
Answer Stats
場所 出発時刻 到着時刻 所要時間 ルート % Correct
東京都 4:39:00 5:06:00 0:27:00 東京駅→JR中央線快速→新宿駅→東京都庁
98%
埼玉県 4:45:00 5:37:00 0:52:00 東京駅→JR京浜東北線→浦和駅→埼玉県庁
97%
神奈川県 4:41:00 5:39:00 0:58:00 東京駅→JR京浜東北・根岸線→横浜駅→みなとみらい線→日本大通り駅→神奈川県庁
95%
千葉県 5:04:00 5:58:00 0:54:00 東京駅→JR総武線快速→千葉駅→JR内房線→本千葉駅→千葉県庁
95%
静岡県 4:55:00 6:55:00 2:00:00 東京駅→JR京浜東北・根岸線→東神奈川駅→JR横浜線→新横浜駅→JR新幹線ひかり533号→静岡駅→静岡県庁
92%
栃木県 6:04:00 7:06:00 1:02:00 東京駅→JR新幹線やまびこ51号→宇都宮駅→宇都宮駅西口停留所→関東自動車・宇都宮駅-一条町-総合運動公園西→県庁前停留所→栃木県庁
91%
群馬県 6:08:00 7:28:00 1:20:00 東京駅→JR新幹線とき301号→高崎駅→JR両毛線→新前橋駅→新前橋駅停留所→上信バス・13前橋高崎線→県庁前停留所→群馬県庁
90%
茨城県 4:46:00 7:35:00 2:49:00 東京駅→JR山手線内回り→上野駅→JR常磐線→水戸駅→水戸駅停留所→関東鉄道バス・運転免許C-県自動車学校→県庁南停留所→茨城県庁
90%
愛知県 5:45:00 7:49:00 2:04:00 東京駅→JR横須賀線→品川駅→JR新幹線のぞみ99号→名古屋駅→名古屋市営桜通線→久屋大通駅→名古屋市営名城線右回り→名古屋城駅→愛知県庁
88%
山梨県 4:59:00 7:50:00 2:51:00 東京駅→JR中央線快速→高尾駅→JR中央本線→甲府駅→山梨県庁
83%
福島県 6:04:00 7:51:00 1:47:00 東京駅→JR新幹線やまびこ51号→福島駅→福島駅東口停留所→福島交通バス・荒井→福島一小前停留所→福島県庁
82%
長野県 6:16:00 7:55:00 1:39:00 東京駅→JR新幹線かがやき501号→長野駅→長野駅停留所→アルピコ交通長野・田牧線(おおしも-県庁前)→かるかや山前停留所→アルピコ交通長野・通勤ライナー(松代-県庁前)→県庁前停留所→長野県庁
76%
岐阜県 4:55:00 8:11:00 3:16:00 東京駅→JR京浜東北・根岸線→東神奈川駅→JR横浜線→新横浜駅→JR新幹線ひかり533号→名古屋駅→JR東海道本線新快速→西岐阜駅→西岐阜駅停留所→岐阜県岐阜市・市橋地区※西ぎふくるくるバス・シャトル→県庁停留所→岐阜県庁
72%
宮城県 6:04:00 8:17:00 2:13:00 東京駅→JR新幹線やまびこ51号→仙台駅→仙台市営南北線→勾当台公園駅→宮城県庁
72%
京都府 5:45:00 8:28:00 2:43:00 東京駅→JR横須賀線→品川駅→JR新幹線のぞみ99号→京都駅→京都市営烏丸線→丸太町駅→京都府庁
64%
滋賀県 6:00:00 8:33:00 2:33:00 東京駅→JR新幹線のぞみ1号→京都駅→JR琵琶湖線→大津駅→滋賀県庁
44%
新潟県 6:08:00 8:39:00 2:31:00 東京駅→JR新幹線とき301号→新潟駅→新潟駅停留所→新潟交通・C12系統→県庁前(警察本部前)停留所→新潟県庁
38%
富山県 6:16:00 8:40:00 2:24:00 東京駅→JR新幹線かがやき501号→富山駅→富山駅停留所→富山地方鉄道2系統→県庁前停留所→富山県庁
31%
大阪府 4:55:00 8:47:00 3:52:00 東京駅→JR京浜東北・根岸線快速→浜松町駅→東京モノレール→羽田空港第2ターミナル駅→羽田空港→ANA985便→伊丹空港→大阪空港駅→大阪モノレール→蛍池駅→阪急宝塚本線準急→大阪梅田駅→東梅田駅→OsakaMetro谷町線→天満橋駅→大阪府庁
10%
山口県 6:11:00 10:55:00 4:44:00 東京駅→JR京浜東北・根岸線→浜松町駅→東京モノレール区間快速→羽田空港第1ターミナル駅→羽田空港→スターフライヤー11便→山口宇部空港→山口宇部空港停留所→連絡バス・宇部市交通局・山口宇部空港-新山口線→新山口駅前→新山口駅→JR山口線→山口駅→山口駅停留所→JRバス中国・湯田温泉通-萩・明倫センター→山口県庁前停留所→山口県庁
8%
兵庫県 4:55:00 8:44:00 3:49:00 東京駅→JR京浜東北・根岸線→東神奈川駅→JR横浜線→新横浜駅→JR新幹線ひかり533号→新神戸駅→神戸市営地下鉄西神・山手線→県庁前駅→兵庫県庁
5%
三重県 6:00:00 8:49:00 2:49:00 東京駅→JR新幹線のぞみ1号→名古屋駅→近鉄名古屋駅→近鉄名古屋線特急→津駅→三重県庁
5%
鹿児島県 5:17:00 9:57:00 4:40:00 東京駅→JR山手線外回り→浜松町駅→東京モノレール→羽田空港第1ターミナル駅→羽田空港→スカイマーク301便→鹿児島空港→鹿児島空港停留所→連絡バス・鹿児島交通・空港リムジンバス→鹿児島中央駅前停留所→鹿児島市営バス・11番線→県庁西停留所→鹿児島県庁
4%
鳥取県 5:38:00 8:44:00 3:06:00 東京駅→JR京浜東北・根岸線→浜松町駅→東京モノレール空港快速→羽田空港第2ターミナル駅→羽田空港→ANA291便→鳥取空港→鳥取空港停留所→連絡バス・日ノ丸自動車・鳥取空港-鳥取線→県庁・日赤前停留所→鳥取県庁
3%
熊本県 4:55:00 8:57:00 4:02:00 東京駅→JR京浜東北・根岸線→浜松町駅→東京モノレール→羽田空港第1ターミナル駅→羽田空港→JAL623便→熊本空港→熊本空港停留所→連絡バス・九州産交バス・空港リムジンバス→熊本県庁前停留所→熊本県庁
3%
岩手県 6:32:00 9:00:00 2:28:00 東京駅→JR新幹線はやぶさ1号→盛岡駅→盛岡駅前停留所→岩手県交通・北高田線(矢幡駅前-盛岡駅前)→県庁・市役所前停留所→岩手県庁
3%
山形県 6:11:00 9:01:00 2:50:00 東京駅→JR京浜東北・根岸線快速→浜松町駅→東京モノレール区間快速→羽田空港第1ターミナル駅→羽田空港→JAL175便→山形空港→山形空港停留所→連絡バス・山交バス→山形県庁前停留所→山形県庁
3%
北海道 4:55:00 9:06:00 4:11:00 東京駅→JR京浜東北・根岸線快速→浜松町駅→東京モノレール→羽田空港第2ターミナル駅→羽田空港→ANA987便→新千歳空港→新千歳空港駅→JR快速エアポート25号→札幌駅→北海道庁
3%
秋田県 5:38:00 9:07:00 3:29:00 東京駅→JR京浜東北・根岸線快速→浜松町駅→東京モノレール空港快速→羽田空港第1ターミナル駅→羽田空港→JAL161便→秋田空港→秋田空港停留所→連絡バス・秋田中央交通・リムジンバス→県庁・市役所前停留所→秋田県庁
3%
宮崎県 5:38:00 9:12:00 3:34:00 東京駅→JR京浜東北・根岸線→浜松町駅→東京モノレール空港快速→羽田空港第2ターミナル駅→羽田空港→ソラシドエア51便→宮崎空港→宮崎空港停留所→宮崎交通・宮崎空港-南詰-宮崎駅→橘通り1丁目停留所→宮崎県庁
3%
沖縄県 5:08:00 9:45:00 4:37:00 東京駅→JR京浜東北・根岸線→浜松町駅→東京モノレール→羽田空港第2ターミナル駅→羽田空港→ANA461便→那覇空港→国内線旅客ターミナルビル停留所→琉球バス交通・99天久新都心線(那覇空港経由)→県庁北口停留所→沖縄県庁
3%
福岡県 4:55:00 8:53:00 3:58:00 東京駅→JR京浜東北・根岸線→浜松町駅→東京モノレール→羽田空港第2ターミナル駅→羽田空港→ANA239便→福岡空港→福岡空港駅→福岡市地下鉄空港線→中洲川端駅→福岡市地下鉄箱崎線→千代県庁口駅→福岡県庁
2%
香川県 5:38:00 9:12:00 3:34:00 東京駅→JR京浜東北・根岸線→浜松町駅→東京モノレール空港快速→羽田空港第2ターミナル駅→羽田空港→ANA531便→高松空港→高松空港停留所→連絡バス・ことでんバス・空港リムジンバス→県庁通り停留所→香川県庁
2%
徳島県 5:38:00 9:17:00 3:39:00 東京駅→JR京浜東北・根岸線→浜松町駅→東京モノレール空港快速→羽田空港第1ターミナル駅→羽田空港→JAL453便→徳島空港→徳島空港停留所→連絡バス・徳島バス・空港リムジンバス→徳島駅前停留所→徳島市営バス・東部循環線(左回り・市民病院玄関前経由)→中洲町停留所→徳島県庁
2%
福井県 6:16:00 9:21:00 3:05:00 東京駅→JR新幹線かがやき501号→福井駅→福井県庁
2%
石川県 5:57:00 9:22:00 3:25:00 東京駅→JR京浜東北・根岸線快速→浜松町駅→東京モノレール快速→羽田空港第1ターミナル駅→羽田空港→JAL183便→小松空港→小松空港停留所→連絡バス・北陸鉄道バス・空港リムジンバス→駅西合同庁舎前停留所→石川県庁
2%
愛媛県 5:57:00 9:24:00 3:27:00 東京駅→JR京浜東北・根岸線→浜松町駅→東京モノレール空港快速→羽田空港第1ターミナル駅→羽田空港→JAL431便→松山空港→松山空港停留所→連絡バス・伊予鉄バス・空港リムジンバス→愛媛新聞社前停留所→西堀端停留所→伊予鉄道市内5系統→県庁前停留所→愛媛県庁
2%
岡山県 5:45:00 9:24:00 3:39:00 東京駅→JR横須賀線→品川駅→JRのぞみ99号→岡山駅→岡山駅停留所→両備バス・岡山西大寺線(天満屋経由)→県庁前停留所→岡山県庁
2%
青森県 6:11:00 9:34:00 3:23:00 東京駅→JR京浜東北・根岸線→浜松町駅→東京モノレール区間快速→羽田空港第1ターミナル駅→羽田空港→JAL141便→青森空港→青森空港停留所→連絡バス・JRバス東北・青森空港-青森線→県庁通り停留所→青森県庁
2%
大分県 5:08:00 9:38:00 4:30:00 東京駅→JR京浜東北・根岸線→浜松町駅→東京モノレール→羽田空港第2ターミナル駅→羽田空港→ソラシドエア91便→大分空港→大分空港停留所→連絡バス・大分交通・エアライナー→大分駅前停留所→大分バスD71(大分駅前-鶴崎-坂の市駅)→県庁前停留所→大分県庁
2%
広島県 5:38:00 9:40:00 4:02:00 東京駅→JR京浜東北・根岸線→浜松町駅→東京モノレール空港快速→羽田空港第1ターミナル駅→羽田空港→JAL253便→広島空港→広島空港停留所→連絡バス・広島電鉄バス・リムジンバス→広島BC→広島県庁
2%
高知県 6:22:00 9:45:00 3:23:00 東京駅→JR山手線外回り→浜松町駅→東京モノレール空港快速→羽田空港第1ターミナル駅→羽田空港→JAL491便→高知空港→高知空港停留所→連絡バス・高知駅前観光・空港リムジンバス→はりまや橋停留所→堺町停留所→県交北部交通・川口営業所-土佐山県舎前線→県庁前停留所→高知県庁
2%
佐賀県 5:57:00 9:46:00 3:49:00 東京駅→JR京浜東北・根岸線→浜松町駅→東京モノレール空港快速→羽田空港第2ターミナル駅→羽田空港→ANA451便→佐賀空港→佐賀空港停留所→佐賀市営バス・佐賀空港線(佐賀BC-佐賀空港)→県庁舎停留所→佐賀県庁
2%
和歌山県 5:57:00 9:51:00 3:54:00 東京駅→JR京浜東北・根岸線→浜松町駅→東京モノレール空港快速→羽田空港第1ターミナル駅→羽田空港→JAL221便→関西空港→関西空港駅→南海交通線空港急行→泉佐野駅→南海線急行→和歌山市駅→南海和歌山市駅停留所→和歌山バス・13系統→県庁前停留所→和歌山県庁
2%
長崎県 5:38:00 10:08:00 4:30:00 東京駅→JR京浜東北・根岸線→浜松町駅→東京モノレール空港快速→羽田空港第2ターミナル駅→羽田空港→ソラシドエア31便→長崎空港→長崎空港停留所→連絡バス・長崎県営バス→空港リムジンバス→五島町停留所→長崎県庁
2%
奈良県 5:45:00 8:57:00 3:12:00 東京駅→JR横須賀線→品川駅→JRのぞみ99号→京都駅→近鉄京都線特急→大和西大寺駅→近鉄奈良線快速急行→近鉄奈良駅→奈良県庁
1%
島根県 5:38:00 9:26:00 3:48:00 東京駅→JR京浜東北・根岸線→浜松町駅→東京モノレール空港快速→羽田空港第2ターミナル駅→羽田空港→ANA381便→米子空港→米子空港停留所→連絡バス・松江一畑交通・米子空港-松江線→JR松江駅前停留所→松江駅停留所→一畑バス・恵曇線→国宝松江城県庁前→島根県庁
1%
No matching quizzes found
Score Distribution
Percent of People with Each Score
Percentile by Number Answered
Your Score History
You have not taken this quiz